01176nas a2200289Ia 4500001002800000003001000028008004100038040002500079041001300104100002900117210002800146222002800174240008500202245008500287250001100372260000900383501012300392300001300515362003600528500004200564650002200606700001100628942000700639957000600646999003300652952020100685A02/R017-15993 [r000014302]IT-MiCISF161014c99999999xx |||||||||||| ||und|| aIT-MiCISFcIT-MiCISF aFRANCESE aBrunel Roger (a cura di) aRéalités familiales aRéalités familiales aAnnée internationale de la famille. Le mouvement familial acteur et partenaire 0aAnnée internationale de la famille. Le mouvement familial acteur et partenaire a1a ed. c1994 bCISF - Centro Internazionale Studi Famiglia - Via Giotto, 36 20145 MILANO (non commercial uses only)cCopyright 2016 app. 3-71 an. 33, dicembre-febbraio [1994] a Tema: associazionismo, famiglia, aif aFAMIGLIAvrivista aAA.VV. cCR 71 a15993bSig1c238940d238940 0010406A_02_000000000000000_R01715993_R00001430271aCISFbCISFd2016-10-14l0oA02/R017-15993 [r000014302]r2016-10-14 00:00:00w2016-10-14yCRzData import 15.10.2016 / by Epidotti, Vaglietti